L’Homme en rose ; L’ Inde couleur de sang. (Registro nro. 324139)

Detalles MARC
000 -ENCABEZADO
Número de control [NR] 01929nam a22002897a 4500
005 - FECHA Y HORA DE LA ÚLTIMA TRANSACCIÓN
control field 20240426112008.0
008 - DE LONGITUD FIJA DE DATOS DE ELEMENTOS - INFORMACIÓN GENERAL
Elementos de longitud fija [NR] 240426s1925 fr ||||| |||| 00| f fre d
040 ## - FUENTE DE CATALOGACION [NR]
Agencia de catalogación original [NR] CO-BoUCM
Idioma de catalogación [NR] spa
Quien Cataloga Sandra Yazo
Quien Clasifica Sandra Yazo
041 0# - CODIGO DE IDIOMA [R]
Código de idioma para texto/pista de sonido o título separado [R] Francés
082 04 - NUMERO DE CLASIFICACION DECIMAL DEWEY [R]
Número de la edición [NR] 843
Número de clasificación [R] 20
092 ## - SIGNATURA TOPOGRAFICA LOCAL
Número de clasificación local E53N024
100 1# - ASIENTO PRINCIPAL--NOMBRE PERSONAL [NR]
Nombre personal [NR] Besnard, Paul Albert
Fechas asociadas con el nombre [NR] 1849-1934
ID Autoridad 180567
242 00 - TRADUCCION DEL TITULO POR LA AGENCIA CATALOGADORA [R]
Título [NR] El hombre en rosa ; La India, color de sangre.
Mención de responsabilidad, etc. [NR] Alberto Besnard
Código de idioma del título traducido [NR] spa
245 10 - MENCION DE TITULO [NR]
Título [NR] L’Homme en rose ; L’ Inde couleur de sang.
Mención de responsabilidad, etc. [NR] Albert Besnard
260 ## - PUBLICACION, DISTRIBUCION, ETC. (PIE DE IMPRENTA) [R]
Lugar de publicación, distribución, etc. [R] París (Francia)
Nombre del editor, distribuidor, etc. [R] Eugène Fasquelle ; Établissements Bousson [Eugenio Fasquelle ; Establecimientos Bousson]
Fecha de publicación, distribución, etc. [R] 1925
300 ## - DESCRIPCION FISICA [R]
Extensión [R] 268, [2] páginas
Dimensiones [R] 18 x 12 cm
490 0# - MENCION DE SERIE [R]
Mención de serie [R] Bibliothèque Charpentier [Biblioteca Charpentier]
500 ## - NOTA GENERAL [R]
Nota general [NR] Detalles físicos: Sin encuadernación original, actualmente, encuadernación rígida (holandesa): cartón forrado en papel; lomo de tela con letras y líneas decorativas en dorado. Guardas. Anteportada. Portada, impresa en una sola tinta. Dedicatoria. Texto impreso en una sola columna, con diferentes tipos y tamaños de letra. Notas de pie de página. Márgenes amplios. Índice. Papel oxidado en los bordes, doblez en portada
505 0# - NOTA DE CONTENIDO CON FORMATO PREESTABLECIDO [R]
Nota de contenido con formato preestablecido [NR] De Marsella a Port-Said ; Port Said y El Cairo ; En El Cairo ; El templo de Karnak ; Suez y Djibuti ; Colombo ; Anurhadapura ; Kandy ; La India ; El templo de Madura ; La gran carretera ; Una pieza hindú ; Última jornada en Madura ; Trichinopolis ; Tanjore ; Pondichery ; Hyderbad de fiesta ; La casa del amigo ; Calcuta ; A orillas del Ganges ; Las grandes hogueras ; En la calle ; Delhi ; Jeypoor ; Jodhpur ; Undeypoor ; Bombay ; La partida
506 ## - NOTA DE RESTRICCIONES DE ACCESO [R]
Condiciones de acceso [NR] Consulta en sala
546 ## - NOTA DE IDIOMA [R]
Nota de idioma [NR] Textp en francés
650 #7 - ASIENTO SECUNDARIO DE MATERIA - TERMINO TEMATICO [R]
9 (RLIN) 20506
Término temático o nombre geográfico como elemento de entrada [NR] Novela francesa
650 #7 - ASIENTO SECUNDARIO DE MATERIA - TERMINO TEMATICO [R]
9 (RLIN) 7508
Término temático o nombre geográfico como elemento de entrada [NR] Descripciones y viajes
650 #7 - ASIENTO SECUNDARIO DE MATERIA - TERMINO TEMATICO [R]
9 (RLIN) 7794
Término temático o nombre geográfico como elemento de entrada [NR] Literatura francesa
690 ## - ASUNTO AGREGADO LOCAL DE ENTRADA - TÉRMINO TEMÁTICO (OCLC, RLIN)
Acceso temático local Literatura europea
9 (RLIN) 26524
942 ## - ELEMENTOS DE ENTRADA AGREGADOS (KOHA)
Sistema de clasificación LOCAL
Tipo de ítem principal el descrito en 300a Libro
Edición 1
Clasificación E53N024
Existencias
Suprimido Perdido Sistema de clasificación Dañado No prestable Tipo de ítem específico Ubicación habitual Ubicación actual Localización Fecha de creación Forma de adquisición Costo Total préstamos Signatura topográfica Código de barras Última vez visto Ejemplar Price effective from Tipo de ítem
    LOCAL     Libro archivo Archivo Histórico Archivo Histórico Archivo histórico 26/04/2024 Donación 0.00   E53N024 L007055 26/04/2024 Ej.1 26/04/2024 Libro